| 000 | 01757nam a2200481Ii 4500 | ||
|---|---|---|---|
| 001 | DIGSEXPIS0116 | ||
| 003 | NyNyDIG | ||
| 006 | m o d | ||
| 007 | cr ||||||||||| | ||
| 008 | 230803s2021 sp o 000 0 spa d | ||
| 035 | _a(OCoLC)1393996954 | ||
| 040 |
_aDGITA _beng _erda _epn _cDGITA |
||
| 020 |
_a9788418342387 _qeBook |
||
| 020 | _z9788418342240 | ||
| 041 | 1 |
_aspa _heng |
|
| 050 | 1 | 4 | _aPN56.C69 ebook |
| 100 | 1 |
_aTempest, Kae, _d1985- _eauthor. |
|
| 240 | 1 | 0 |
_aOn connection. _lSpanish _s(Villardon) |
| 245 | 1 | 0 |
_aConexión / _cKae Tempest ; traducción de Esther Villardón. |
| 250 | _aPrimera edición. | ||
| 264 | 1 |
_aMadrid, España : _bSexto Piso, _c2021. |
|
| 300 | _a1 online resource. | ||
| 336 |
_atext _btxt _2rdacontent |
||
| 337 |
_acomputer _bc _2rdamedia |
||
| 338 |
_aonline resource _bcr _2rdacarrier |
||
| 347 |
_atext file _2rdaft |
||
| 347 | _bEPUB | ||
| 490 | 1 | _aSexto Piso realidades | |
| 588 | 0 | _aOnline resource; title from ePub title page (Digitalia, viewed August 3, 2023) | |
| 650 | 0 | _aCreation (Literary, artistic, etc.) | |
| 650 | 0 | _aMind and body. | |
| 650 | 0 | _aSpiritual life. | |
| 650 | 0 | _aSpirituality. | |
| 700 | 1 |
_aVillardon, Esther, _etranslator. |
|
| 700 | 1 |
_iTranslation of: _aTempest, Kae, _d1985- _tOn connection. |
|
| 791 | 2 |
_aDigitalia (Firm), _edistributor. |
|
| 793 | 0 |
_gDigitalia eBook Collection: _aEditorial Sexto Piso |
|
| 776 | 0 | 8 |
_iPrint version: _aTempest, Kae, 1985- _sOn connection. Spanish (Villardon). _tConexión. _bPrimera edición. _dMadrid, España : Sexto Piso, [2021] _z9788418342240 |
| 830 | 0 | _aSexto Piso realidades. | |
| 856 | 4 | 0 |
_3Digitalia Hispánica _uhttps://www.digitaliapublishing.com/a/81370/ |
| 910 | _aPremium collection: 2023 | ||
| 942 | _cRAA | ||
| 999 |
_c265302 _d265302 |
||